000 01007nam a2200169 a 4500
008 120416s1980 ||||||||||||||||| || u
050 _aR 726.8 Kof
100 _aKoff, Theodore H
245 1 0 _aHospice, a caring community
260 _aCambrodge
_bWinthrop
_c1980
300 _axii, 196 pages
350 _a0.00
995 _aANNEX COLLECTION (Main Library)
_D0.00
_e713658
_FCBU-MAIN LIBRARY (Kitwe)
_H1
_I7.95
_jR 726.8 Kof
_M1
_UAVAILABLE
_WMar 28, 2007
_y015491
_ZAnnex Low-Usage Collection
995 _aANNEX COLLECTION (Main Library)
_D0.00
_e712656
_FCBU-MAIN LIBRARY (Kitwe)
_H2
_I7.95
_jR 726.8 Kof
_M2
_UAVAILABLE
_WMar 28, 2007
_y015449
_ZAnnex Low-Usage Collection
995 _aANNEX COLLECTION (Main Library)
_D0.00
_e713659
_FCBU-MAIN LIBRARY (Kitwe)
_H3
_I7.95
_jR 726.8 Kof
_M3
_UAVAILABLE
_WMar 28, 2007
_y015448
_ZAnnex Low-Usage Collection
995 _aANNEX COLLECTION (Main Library)
_D0.00
_e713657
_FCBU-MAIN LIBRARY (Kitwe)
_H4
_I7.95
_jR 726.8 Kof
_M4
_UAVAILABLE
_WMar 28, 2007
_y015447
_ZAnnex Low-Usage Collection
999 _c76338
_d76338